00559nam a22001577a 4500008004100000020001800041050002100059100002700080245009300107250001200200260004700212300002900259521005100288650003700339700002500376170209b xxu||||| |||| 00| 0 eng d a9780697152480 aGV 443 .K57 1995 aKirchner, Glenn.d1995 aPhysical education for elementary school children/cGlenn Kirchner, Graham J. Fishburne. a9th ed. aUSA:bBrown & benchmark publishers,c1995. axv, 620p.:bill.;c28cm. aIncludes bibliographical references and index. aPhysical education for children. aFishburne, Graham J.